Catálogo
 En Linea

Arroyos de palabras, para hacer avanzar, solo mi sueño / (Registro nro. 31659)

Detalles MARC
000 -CABECERA
campo de control de longitud fija 00847nam a2200253 a 4500
001 - NÚMERO DE CONTROL
campo de control 000032168
003 - IDENTIFICADOR DEL NÚMERO DE CONTROL
campo de control DO-SdBNP
005 - FECHA Y HORA DE LA ÚLTIMA TRANSACCIÓN
campo de control 20220822094345.0
007 - CAMPO FIJO DE DESCRIPCIÓN FÍSICA--INFORMACIÓN GENERAL
campo de control de longitud fija ta
008 - DATOS DE LONGITUD FIJA--INFORMACIÓN GENERAL
campo de control de longitud fija 110713s1945 dr 000 p spa d
040 ## - FUENTE DE LA CATALOGACIÓN
Centro catalogador/agencia de origen DO-SdBNP
Lengua de catalogación spa
Centro/agencia transcriptor BNPHU
082 ## - NÚMERO DE LA CLASIFICACIÓN DECIMAL DEWEY
Número de clasificación xxx
Número de documento/Ítem M843m
100 ## - ENTRADA PRINCIPAL--NOMBRE DE PERSONA
Nombre de persona MORENO JIMENES, DOMINGO,
Fechas asociadas al nombre 1894 - 1986
9 (RLIN) 19534
245 10 - MENCIÓN DE TÍTULO
Título Arroyos de palabras, para hacer avanzar, solo mi sueño /
Mención de responsabilidad, etc. Domingo Moreno Jimenes.
246 34 - FORMA VARIANTE DE TÍTULO
Título propio/Titulo breve Los milenios del tercer mundo /
260 ## - PUBLICACIÓN, DISTRIBUCIÓN, ETC.
Lugar de publicación, distribución, etc. [Ciudad Trujillo, República Dominicana] :
Nombre del editor, distribuidor, etc. Colina Sacra ;
-- Librería Dominicana,
Fecha de publicación, distribución, etc. 1945.
300 ## - DESCRIPCIÓN FÍSICA
Extensión [14] p. ;
Dimensiones 14 cm.
490 1# - MENCIÓN DE SERIE
Mención de serie Día estético ;
500 ## - NOTA GENERAL
Nota general La biblioteca posee un (1) ejemplar autografiado por el autor.
590 ## - NOTA LOCAL (RLIN)
Nota local Inventariado, 2022/ YL
830 ## - PUNTO DE ACCESO ADICIONAL DE SERIE-TÍTULO UNIFORME
Nombre de parte o sección de la obra Día estético
9 (RLIN) 82208
910 ## - DATOS DE OPCIÓN DEL USUARIO (OCLC)
Datos de opción del usuario YLockward
942 ## - ELEMENTOS DE PUNTO DE ACCESO ADICIONAL (KOHA)
Fuente del sistema de clasificación o colocación Dewey Decimal Classification
Tipo de ítem Koha Folleto
Existencias
Estado de retiro Estado de pérdida Fuente del sistema de clasificación o colocación Restricciones de uso No para préstamo Código de colección Localización permanente Ubicación/localización actual Ubicación en estantería Fecha de adquisición Número de inventario Signatura topográfica completa Código de barras Fecha visto por última vez Precio válido a partir de Tipo de ítem Koha Nota pública Número de copia
    Dewey Decimal Classification Excluido de préstamo   Dominicana Folletos Raros y Valiosos Biblioteca Nacional Pedro Henríquez Ureña Biblioteca Nacional Pedro Henríquez Ureña En catalogación 13.07.2011 LF1 xxx M843a 32168-10 25.06.2020 25.06.2020 Folleto Perteneció a la biblioteca personal de Martínez Boog.  
    Dewey Decimal Classification Excluido de préstamo   Dominicana Folletos Raros y Valiosos Biblioteca Nacional Pedro Henríquez Ureña Biblioteca Nacional Pedro Henríquez Ureña En catalogación 13.07.2011 LF1 xxx M843a 32168-20 25.06.2020 25.06.2020 Folleto   e.2

Con tecnología Koha